| 000 | 00937nam a22002057a 4500 | ||
|---|---|---|---|
| 999 |
_c6790 _d6790 |
||
| 003 | AR-CdUCM | ||
| 008 | 190319b ||||| |||| 00| 0 spa d | ||
| 040 |
_aMUNICIPALIDAD PROVINCIAL DEL CUSCO _cBIBLIOTECA MUNICIPAL DEL CUSCO |
||
| 082 |
_a603 / _bG28 |
||
| 100 |
_aGatland, Kenneth _919121 |
||
| 245 |
_aEnciclopedia ilustrada de la exploracion del espacio : _bHistoria de la Tecnologia Espacial / |
||
| 260 |
_aEspaña : _bQuarto, S.A. , _c1984. |
||
| 300 |
_a297 páginas ; _c30.3 cm. |
||
| 505 | _aContenido : 1.- Los Precursores del Espacio 2.- El hombre franquea las fronteras del espacio 3.- Los centros espaciales 4.-El hombre en el espacio 5.- Utilizacion militar del espacio 6.- Voces que vienen del cielo 7.- La metereologia 8 .- Observacion del planeta tierra... | ||
| 650 |
_aEnciclopedias Tecnologicas _919122 |
||
| 650 |
_aAstrologia _97684 |
||
| 650 |
_aViajes Espaciales _918598 |
||
| 942 |
_2ddc _cLIBROS |
||
| 945 | _artm | ||